000 00439nam a22001457a 4500
005 20141119103319.0
008 141119b xxu||||| |||| 00| 0 eng d
050 _aQ 161.2
_b.P578 2008
245 _aPhysical science :
_ban introduction /
260 _aPhilippines :
_bMc-Graw Hill Primis,
_cc2008.
300 _a452 pages :
_billustrations ;
_c25 cm.
521 _aGeneral Education
650 _aPhysical Science.
942 _2lcc
_cBK
_kLOC
999 _c276808
_d276808